[Event "Richardson DCC 04"]
[Site "Richardson"]
[Date "2022.04.14"]
[Round "1"]
[White "Milovanovic, Rade"]
[Black "Amburgy, Ryan"]
[Result "0-1"]
[WhiteElo "2366"]
[BlackElo "2262"]
[PlyCount "80"]
[EventDate "2022.04.14"]
[EventType "swiss"]
[EventRounds "9"]
[EventCountry "USA"]
[SourceTitle "CBM 207 Extra"]
[Source "ChessBase"]
[SourceDate "2022.05.31"]
[SourceVersion "1"]
[SourceVersionDate "2022.05.31"]
[SourceQuality "1"]

1. e4 e5 2. Nf3 Nc6 3. Bb5 f5 4. Bxc6 dxc6 5. d3 fxe4 6. dxe4 Qxd1+ 7. Kxd1 Bg4 8. Ke1 Bd6 9. Be3 Ne7 10. Nbd2 Ng6 11. h3 Be6 12. g3 Rf8 13. Kf1 c5 14. Kg2 0-0-0 15. Rhd1 b6 16. b3 h6 17. Ng1 Nf4+ 18. Kh2 Bf7 19. f3 Ne6 20. c3 h5 21. h4 Be8 22. Nh3 Be7 23. Nc4 Rxf3 24. Ng1 Rf8 25. Nxe5 Bf6 26. Ngf3 Bb5 27. Rxd8+ Rxd8 28. Re1 Ba6 29. Nc6 Rd3 30. e5 Bd8 31. Nxd8 Kxd8 32. Ng5 Ke7 33. c4 Bb7 34. Nxe6 Kxe6 35. Bf4 a5 36. Rb1 Be4 37. Re1 Bc6 38. Kg1 a4 39. Re3 Rd2 40. a3 Rc2 0-1

[Event "Texas Masters"]
[Site "Dallas"]
[Date "2002.04.14"]
[Round "5"]
[White "Milovanovic, Rade"]
[Black "Whatley, Andrew"]
[Result "1/2-1/2"]
[WhiteElo "2427"]
[BlackElo "2339"]
[PlyCount "38"]
[EventDate "2002.04.12"]
[EventType "swiss"]
[EventRounds "5"]
[EventCountry "USA"]
[SourceTitle "EXT 2003"]
[Source "ChessBase"]
[SourceDate "2002.11.25"]
[SourceVersion "1"]
[SourceVersionDate "2002.11.25"]
[SourceQuality "1"]

1. d4 d5 2. c4 c6 3. e3 Nf6 4. Nc3 e6 5. Nf3 Nbd7 6. Qc2 Bd6 7. Be2 0-0 8. 0-0 e5 9. cxd5 cxd5 10. e4 dxe4 11. Nxe4 Nxe4 12. Qxe4 Re8 13. Bg5 Nf6 14. Bxf6 Qxf6 15. Bd3 g6 16. dxe5 Bxe5 17. Nxe5 Qxe5 18. Rfe1 Qxe4 19. Rxe4 Be6 1/2-1/2

[Event "Ken Smith Memorial op"]
[Site "Dallas"]
[Date "2001.02.24"]
[Round "3"]
[White "Zaremba, Andrie"]
[Black "Milovanovic, Rade"]
[Result "0-1"]
[WhiteElo "2372"]
[BlackElo "2451"]
[PlyCount "76"]
[EventDate "2001.02.23"]
[EventType "swiss"]
[EventRounds "5"]
[EventCountry "USA"]
[SourceTitle "EXT 2005"]
[Source "ChessBase"]
[SourceDate "2004.11.15"]
[SourceVersion "1"]
[SourceVersionDate "2004.11.15"]
[SourceQuality "1"]

1. d4 Nf6 2. Nf3 d5 3. c4 e6 4. g3 Bb4+ 5. Bd2 Be7 6. Bg2 0-0 7. cxd5 exd5 8. 0-0 c6 9. Nc3 Bf5 10. Bg5 Nbd7 11. Rc1 h6 12. Bf4 Ne4 13. Nd2 Nxd2 14. Qxd2 Nb6 15. b3 a5 16. a4 Ba3 17. Rcd1 Re8 18. f3 Bb4 19. Rfe1 c5 20. Rc1 Rc8 21. Kh1 cxd4 22. Qxd4 Bc5 23. Qd1 Ba3 24. Nb5 Bxc1 25. Bxc1 Bc2 26. Qd4 Bxb3 27. Bb2 f6 28. Bh3 Rc4 29. Qd3 Bc2 30. Qd2 Bxa4 31. Nd4 Bd7 32. Nf5 Bxf5 33. Bxf5 Rc6 34. Qf4 Nc4 35. Ba1 Ne3 36. Bd3 Qd6 37. Qh4 Qb4 38. g4 Nc2 0-1

[Event "Thompson Memorial op"]
[Site "Dallas"]
[Date "2000.08.06"]
[Round "4"]
[White "Milovanovic, Rade"]
[Black "Kudrin, Sergey"]
[Result "1/2-1/2"]
[WhiteElo "2449"]
[BlackElo "2603"]
[PlyCount "139"]
[EventDate "2000.08.04"]
[EventType "swiss"]
[EventRounds "5"]
[EventCountry "USA"]
[SourceTitle "EXT 2005"]
[Source "ChessBase"]
[SourceDate "2004.11.15"]
[SourceVersion "1"]
[SourceVersionDate "2004.11.15"]
[SourceQuality "1"]

1. e4 c5 2. Nf3 d6 3. d4 cxd4 4. Nxd4 Nf6 5. Nc3 g6 6. Be3 Bg7 7. f3 Nc6 8. Qd2 0-0 9. 0-0-0 d5 10. exd5 Nxd5 11. Nxc6 bxc6 12. Bd4 e5 13. Bc5 Be6 14. Ne4 Re8 15. h4 a5 16. Bc4 h6 17. g4 a4 18. g5 h5 19. Rhe1 Kh7 20. Qf2 Qa5 21. a3 Red8 22. Bxd5 Rxd5 23. Bb4 Qb5 24. Rxd5 Qxd5 25. Nc3 Qd4 26. Qxd4 exd4 27. Ne4 Bd5 28. f4 Be6 29. Kd2 Bf5 30. Bd6 Rd8 31. Be7 Re8 32. Nd6 Rb8 33. Nxf5 gxf5 34. Bb4 Kg6 35. Kd3 c5 36. Bxc5 Rxb2 37. Bb4 Ra2 38. Rb1 f6 39. Rg1 Kh7 40. Be7 fxg5 41. Rxg5 Bh6 42. Rxf5 Kg6 43. Rf6+ Kg7 44. Ra6 Bxf4 45. Rxa4 Kf7 46. Ra7 Ke6 47. Bc5 Bg3 48. Rh7 Bxh4 49. Rh6+ Kd7 50. Rxh5 Bg3 51. Rh7+ Kc6 52. Bb4 Be5 53. Rh6+ Kd5 54. Ra6 Bc7 55. Rg6 Bb8 56. Rg5+ Kc6 57. Rc5+ Kb7 58. Ke4 Ba7 59. Rc4 Ra1 60. Bd6 Bb6 61. Kd5 Rh1 62. Rb4 Rh3 63. a4 Ka6 64. Bf4 Rh5+ 65. Kc4 Rc5+ 66. Kb3 Rc3+ 67. Kb2 Bc5 68. Rb5 Ba3+ 69. Ka2 Be7 70. Kb2 1/2-1/2

[Event "Thompson Memorial op"]
[Site "Dallas"]
[Date "2000.08.04"]
[Round "1"]
[White "Milovanovic, Rade"]
[Black "Dejmek, Mark W"]
[Result "1-0"]
[WhiteElo "2449"]
[BlackElo "2119"]
[PlyCount "69"]
[EventDate "2000.08.04"]
[EventType "swiss"]
[EventRounds "5"]
[EventCountry "USA"]
[SourceTitle "EXT 2005"]
[Source "ChessBase"]
[SourceDate "2004.11.15"]
[SourceVersion "1"]
[SourceVersionDate "2004.11.15"]
[SourceQuality "1"]

1. e4 c5 2. Nf3 d6 3. Bc4 Nc6 4. 0-0 Nf6 5. Re1 g6 6. Bb3 Bg7 7. c3 Bg4 8. d3 Ne5 9. Ba4+ Nfd7 10. Bxd7+ Bxd7 11. Nxe5 dxe5 12. Be3 b6 13. Na3 0-0 14. Qd2 Bc6 15. Bh6 Qd7 16. Rad1 Rfd8 17. Bxg7 Kxg7 18. f4 exf4 19. Qxf4 Qd6 20. Qf2 Qf6 21. Qe3 e5 22. Qg3 b5 23. Nc2 h5 24. d4 cxd4 25. cxd4 exd4 26. e5 Qe7 27. Nxd4 Qc5 28. Qf2 Kg8 29. e6 Bd5 30. Qxf7+ Kh8 31. Qxg6 Bxa2 32. Qf6+ Kh7 33. Re5 Rxd4 34. Qf7+ Kh6 35. Qxh5+ 1-0

[Event "Oz.com qual blitz"]
[Site "ICC INT"]
[Date "2000.03.05"]
[Round "3"]
[White "Milovanovic, Rade"]
[Black "Andrews, Todd D"]
[Result "1/2-1/2"]
[WhiteElo "2418"]
[BlackElo "2254"]
[PlyCount "120"]
[EventDate "2000.03.05"]
[EventType "swiss (blitz)"]
[EventRounds "9"]
[EventCountry "USA"]
[SourceTitle "EXT 2001"]
[Source "ChessBase"]
[SourceDate "2000.11.22"]
[SourceVersion "1"]
[SourceVersionDate "2000.11.22"]
[SourceQuality "1"]

1. Nf3 c5 2. c4 Nc6 3. Nc3 Nf6 4. d4 cxd4 5. Nxd4 e6 6. Bf4 d6 7. Ndb5 e5 8. Bg5 a6 9. Bxf6 gxf6 10. Na3 f5 11. g3 Be6 12. Bg2 Bg7 13. Qd2 0-0 14. Rd1 Qa5 15. Nd5 Qxd2+ 16. Rxd2 Rac8 17. 0-0 e4 18. Nb6 Rcd8 19. Rfd1 Be5 20. Nb1 Na5 21. b3 Nc6 22. e3 Nb4 23. f3 exf3 24. Bxf3 Nc6 25. a3 a5 26. Rd3 Kg7 27. Nc3 Kf6 28. Nb5 Ke7 29. Nd4 Nxd4 30. exd4 Bg7 31. Bxb7 Rb8 32. Nd5+ Kd7 33. Ba6 Bxd5 34. cxd5 Rfe8 35. a4 Re4 36. Bc4 h5 37. Kg2 h4 38. Rf3 Bxd4 39. Rxf5 f6 40. Rh5 hxg3 41. Rh7+ Re7 42. Rxe7+ Kxe7 43. hxg3 Rg8 44. Kf3 Be5 45. g4 Rh8 46. Rc1 Rh3+ 47. Ke4 Rg3 48. Kf5 Rf3+ 49. Kg6 Rg3 50. Be2 Rg2 51. Bf3 Rg3 52. Rf1 Kd7 53. Kf5 Kc7 54. Ke4 Kb6 55. Rc1 Rh3 56. Rc6+ Kb7 57. Rc4 Rh2 58. b4 axb4 59. Rxb4+ Ka6 60. Rb8 Ra2 1/2-1/2

[Event "Oz.com qual blitz"]
[Site "ICC INT"]
[Date "2000.03.05"]
[Round "1"]
[White "Milovanovic, Rade"]
[Black "Konings, Frans"]
[Result "0-1"]
[WhiteElo "2418"]
[BlackElo "2183"]
[PlyCount "114"]
[EventDate "2000.03.05"]
[EventType "swiss (blitz)"]
[EventRounds "9"]
[EventCountry "USA"]
[SourceTitle "EXT 2001"]
[Source "ChessBase"]
[SourceDate "2000.11.22"]
[SourceVersion "1"]
[SourceVersionDate "2000.11.22"]
[SourceQuality "1"]

1. Nf3 Nf6 2. c4 g6 3. Nc3 Bg7 4. e4 d6 5. d4 0-0 6. Be2 e5 7. 0-0 exd4 8. Nxd4 Re8 9. f3 Nc6 10. Be3 Nh5 11. Qd2 Nxd4 12. Bxd4 Nf4 13. Be3 Nxe2+ 14. Nxe2 Bd7 15. Bd4 Bc6 16. Bxg7 Kxg7 17. Nd4 Qd7 18. Rfe1 Re7 19. Rad1 Rae8 20. Qc3 Kg8 21. b3 f5 22. exf5 gxf5 23. Kf2 f4 24. Qd2 Re3 25. Nxc6 bxc6 26. Qd4 Qf5 27. Rxe3 fxe3+ 28. Kg1 Qc2 29. Qg4+ Kh8 30. Qd4+ Re5 31. Rf1 c5 32. Qf4 Kg7 33. Qg3+ Qg6 34. Qxg6+ Kxg6 35. Re1 c6 36. Kf1 d5 37. cxd5 cxd5 38. Ke2 d4 39. Kd3 Kf5 40. g3 Rd5 41. Rc1 Ke5 42. a3 Kd6 43. h4 a5 44. Rf1 Rf5 45. Ke2 Kd5 46. Rc1 Rf7 47. g4 Rb7 48. Rb1 a4 49. b4 c4 50. b5 Re7 51. b6 d3+ 52. Ke1 Rb7 53. g5 Kd4 54. h5 e2 55. Rb5 c3 56. Rb4+ Ke3 57. Re4+ Kxf3 0-1

[Event "Texas-ch"]
[Site "Dallas"]
[Date "1999.05.30"]
[Round "4.1"]
[White "Milovanovic, Rade"]
[Black "Shtern, Igor"]
[Result "1-0"]
[WhiteElo "2420"]
[BlackElo "2261"]
[PlyCount "73"]
[EventDate "1999.05.29"]
[EventType "swiss"]
[EventRounds "6"]
[EventCountry "USA"]
[SourceTitle "EXT 2002"]
[Source "ChessBase"]
[SourceDate "2001.11.25"]
[SourceVersion "1"]
[SourceVersionDate "2001.11.25"]
[SourceQuality "1"]

1. c4 Nf6 2. Nc3 g6 3. e4 d6 4. d4 Bg7 5. Nf3 0-0 6. Be2 c6 7. 0-0 Qc7 8. Re1 e5 9. h3 Nbd7 10. Bf1 Re8 11. Rb1 a5 12. d5 Nc5 13. Nd2 Nh5 14. Nb3 Nxb3 15. Qxb3 c5 16. Qd1 Bd7 17. a3 b6 18. b4 cxb4 19. axb4 f5 20. bxa5 bxa5 21. Ba3 Nf6 22. exf5 gxf5 23. Nb5 Bxb5 24. Rxb5 Bf8 25. Qf3 Qd7 26. Reb1 Re7 27. Rb8 Rxb8 28. Rxb8 a4 29. Qg3+ Kf7 30. Qg5 Ne4 31. Qh5+ Kg7 32. Bc1 f4 33. Bd3 Nf6 34. Qg5+ Kf7 35. Rxf8+ Kxf8 36. Qxf6+ Kg8 37. Bf5 1-0

[Event "Ken Smith Memorial op"]
[Site "Dallas"]
[Date "1999.??.??"]
[Round "4"]
[White "Milovanovic, Rade"]
[Black "Wojtkiewicz, Aleksander"]
[Result "0-1"]
[WhiteElo "2420"]
[BlackElo "2570"]
[PlyCount "57"]
[EventDate "1999.??.??"]
[EventType "swiss"]
[EventRounds "5"]
[EventCountry "USA"]
[SourceTitle "EXT 2001"]
[Source "ChessBase"]
[SourceDate "2000.11.22"]
[SourceVersion "1"]
[SourceVersionDate "2000.11.22"]
[SourceQuality "1"]

1. e4 c5 2. Nf3 d6 3. d4 cxd4 4. Nxd4 Nf6 5. Nc3 a6 6. h3 e6 7. g4 h6 8. Bg2 g5 9. Be3 Bd7 10. Qe2 Nc6 11. Nxc6 Bxc6 12. f4 Nd7 13. 0-0-0 Qa5 14. Kb1 gxf4 15. Bxf4 Ne5 16. Nd5 exd5 17. Bxe5 Bb5 18. Qf2 dxe5 19. Qf6 Rg8 20. Qxe5+ Be7 21. exd5 Kf8 22. d6 Bd8 23. Bd5 Bc6 24. b3 Bxd5 25. Rxd5 Qb6 26. Rf1 Rg7 27. Qh5 Qe3 28. Re5 Qd2 29. Ref5 0-1

[Event "Ken Smith Memorial op"]
[Site "Dallas"]
[Date "1999.??.??"]
[Round "5"]
[White "Milovanovic, Rade"]
[Black "Ziatdinov, Raset"]
[Result "1/2-1/2"]
[WhiteElo "2420"]
[BlackElo "2511"]
[PlyCount "129"]
[EventDate "1999.??.??"]
[EventType "swiss"]
[EventRounds "5"]
[EventCountry "USA"]
[SourceTitle "EXT 2001"]
[Source "ChessBase"]
[SourceDate "2000.11.22"]
[SourceVersion "1"]
[SourceVersionDate "2000.11.22"]
[SourceQuality "1"]

1. c4 e6 2. Nc3 d5 3. d4 Nf6 4. Bg5 Be7 5. e3 0-0 6. Nf3 Nbd7 7. Bd3 dxc4 8. Bxc4 a6 9. a4 c5 10. 0-0 Nb6 11. Bd3 cxd4 12. exd4 Bd7 13. Qe2 Bc6 14. Rfd1 Nbd5 15. Ne5 Rc8 16. Nxc6 Rxc6 17. Qf3 Rb6 18. Rab1 Rb4 19. Be3 Qb6 20. Qe2 Bd6 21. Nxd5 Nxd5 22. Qc2 g6 23. b3 Qd8 24. g3 Rb6 25. Bc4 Be7 26. Bd2 Rd6 27. Qe4 Bf6 28. Rbc1 Re8 29. h4 Qd7 30. Be2 Bg7 31. Bf3 b5 32. axb5 Qxb5 33. Rb1 Qb6 34. Be1 Nc7 35. h5 Bxd4 36. Rbc1 e5 37. hxg6 hxg6 38. Kg2 Ne6 39. Rc6 Rxc6 40. Qxc6 Rb8 41. Qxb6 Rxb6 42. b4 Kf8 43. Rc1 Ke7 44. Rc8 Kd6 45. Bd2 Kd7 46. Ra8 Rd6 47. Bh6 f5 48. Bd1 Kc7 49. Bb3 Bc3 50. Bc4 Kb7 51. Re8 Nc7 52. Re7 Kc6 53. Bf7 Nd5 54. Be8+ Kb6 55. Rg7 Bxb4 56. Rxg6 a5 57. Rxd6+ Bxd6 58. Bd7 f4 59. gxf4 exf4 60. Kf3 Kc5 61. Bg7 Nb6 62. Be8 a4 63. Bxa4 Nxa4 64. Bh6 Nc3 65. Bxf4 1/2-1/2

[Event "YUG Cup"]
[Site "Ulcinj"]
[Date "1998.??.??"]
[Round "6"]
[White "Sokolov, Alexander"]
[Black "Milovanovic, Rade"]
[Result "1-0"]
[WhiteElo "2380"]
[BlackElo "2430"]
[PlyCount "74"]
[EventDate "1998.??.??"]
[EventType "team"]
[EventRounds "7"]
[EventCountry "YUG"]
[SourceTitle "EXT 1999"]
[Source "ChessBase"]
[SourceDate "1998.11.16"]
[SourceVersion "1"]
[SourceVersionDate "1998.11.16"]
[SourceQuality "1"]

1. e4 d6 2. d4 Nf6 3. Nc3 g6 4. Be3 e5 5. dxe5 Ng4 6. Bf4 dxe5 7. Qxd8+ Kxd8 8. Bg3 Nd7 9. Bc4 f6 10. h3 Nh6 11. f4 Bd6 12. Nge2 Nb6 13. Bb3 Ke7 14. fxe5 Bxe5 15. Bxe5 fxe5 16. Nc1 Be6 17. Nd3 Nd7 18. Nd5+ Bxd5 19. Bxd5 c6 20. Bb3 a5 21. a4 Rhf8 22. 0-0-0 Nf7 23. h4 Nd6 24. Rhf1 c5 25. Bd5 c4 26. Nf2 Rf4 27. Nh3 Rxh4 28. Ng5 h6 29. Nf7 Nxe4 30. Bxb7 Rb8 31. Bc6 Nef6 32. Bb5 Nc5 33. Nxe5 Nce4 34. Nxc4 Nc5 35. Ne5 Rg8 36. Nc6+ Kf7 37. Rd6 Kg7 1-0

[Event "Tivat"]
[Site "Tivat"]
[Date "1997.??.??"]
[Round "4"]
[White "Dimitrov, Vladimir"]
[Black "Milovanovic, Rade"]
[Result "1/2-1/2"]
[WhiteElo "2475"]
[BlackElo "2420"]
[PlyCount "92"]
[EventDate "1997.??.??"]
[EventType "tourn"]
[EventRounds "11"]
[EventCountry "YUG"]
[EventCategory "8"]
[SourceTitle "EXT 2002"]
[Source "ChessBase"]
[SourceDate "2001.11.25"]
[SourceVersion "1"]
[SourceVersionDate "2001.11.25"]
[SourceQuality "1"]

1. e4 d6 2. d4 Nf6 3. Nc3 g6 4. Nf3 Bg7 5. Be2 0-0 6. 0-0 Nc6 7. d5 Nb4 8. a3 Na6 9. Re1 Nc5 10. Bf1 e5 11. dxe6 Nxe6 12. h3 Re8 13. Be3 b6 14. Bb5 Bd7 15. Bc4 Nh5 16. Qd2 Bc6 17. Bd5 Qd7 18. Nd4 Nxd4 19. Bxd4 Nf6 20. Ba2 Bb7 21. Rad1 Rad8 22. f3 a6 23. Be3 Nh5 24. g4 Nf6 25. Bg5 Qe7 26. Qf4 Qe5 27. Qxe5 dxe5 28. Nd5 Bxd5 29. Bxd5 h6 30. Bh4 g5 31. Bf2 Nxd5 32. Rxd5 Rxd5 33. exd5 Rd8 34. c4 b5 35. b3 bxc4 36. bxc4 Rb8 37. c5 Rb3 38. Re3 Rb1+ 39. Kg2 Rd1 40. Re4 Rxd5 41. Ra4 Rd2 42. Kf1 e4 43. fxe4 Rd3 44. Rxa6 Rxh3 45. a4 Ra3 46. c6 Ra1+ 1/2-1/2

[Event "Tivat"]
[Site "Tivat"]
[Date "1997.??.??"]
[Round "2"]
[White "Lekic, Dusan"]
[Black "Milovanovic, Rade"]
[Result "1/2-1/2"]
[WhiteElo "2385"]
[BlackElo "2420"]
[PlyCount "31"]
[EventDate "1997.??.??"]
[EventType "tourn"]
[EventRounds "11"]
[EventCountry "YUG"]
[EventCategory "8"]
[SourceTitle "EXT 2002"]
[Source "ChessBase"]
[SourceDate "2001.11.25"]
[SourceVersion "1"]
[SourceVersionDate "2001.11.25"]
[SourceQuality "1"]

1. e4 c5 2. Nf3 e6 3. d4 cxd4 4. Nxd4 Nc6 5. Nc3 d6 6. Be2 Nf6 7. 0-0 Be7 8. f4 0-0 9. Be3 a6 10. a4 Qc7 11. Kh1 Re8 12. Bg1 Nxd4 13. Qxd4 e5 14. Qd2 exf4 15. Rxf4 Be6 16. Raf1 1/2-1/2

[Event "YUG Cup"]
[Site "Ulcinj"]
[Date "1997.??.??"]
[Round "?"]
[White "Milovanovic, Rade"]
[Black "Nikcevic, Nebojsa"]
[Result "0-1"]
[WhiteElo "2420"]
[BlackElo "2540"]
[PlyCount "106"]
[EventDate "1997.??.??"]
[EventType "team"]
[EventRounds "7"]
[EventCountry "YUG"]
[SourceTitle "EXT 1999"]
[Source "ChessBase"]
[SourceDate "1998.11.16"]
[SourceVersion "1"]
[SourceVersionDate "1998.11.16"]
[SourceQuality "1"]

1. d4 Nf6 2. c4 e6 3. Nc3 Bb4 4. e3 0-0 5. Nge2 Re8 6. a3 Bf8 7. Nf4 d5 8. cxd5 exd5 9. Bd3 Nc6 10. 0-0 Ne7 11. Nh5 Nxh5 12. Qxh5 g6 13. Qf3 c6 14. e4 dxe4 15. Nxe4 Nd5 16. Bg5 Be7 17. Bxe7 Qxe7 18. Rfe1 Bf5 19. Re2 Bxe4 20. Rxe4 Qd6 21. Rae1 Rxe4 22. Rxe4 Rd8 23. Bc4 Nf6 24. Rf4 Kg7 25. h4 h5 26. g3 Re8 27. Kg2 Re7 28. Qc3 Ne4 29. Qd3 f5 30. d5 c5 31. Rf3 a6 32. a4 Qf6 33. Qc2 Nd6 34. b3 Re1 35. Qc3 Qxc3 36. Rxc3 Kf6 37. Bf1 Ne4 38. Rc2 Rd1 39. Bc4 Ke5 40. Kf3 Rd4 41. Re2 Kd6 42. Ke3 b5 43. axb5 axb5 44. Bd3 Nf6 45. Re1 Nxd5+ 46. Ke2 Nc3+ 47. Ke3 Kc6 48. Bc2 Nd5+ 49. Ke2 Nb4 50. Bb1 Rd5 51. Kf3 Kd6 52. Kf4 Nd3+ 53. Kg5 Nxe1 0-1

[Event "Tivat"]
[Site "Tivat"]
[Date "1997.??.??"]
[Round "7"]
[White "Milovanovic, Rade"]
[Black "Vujosevic, Vladimir"]
[Result "1-0"]
[WhiteElo "2420"]
[BlackElo "2420"]
[PlyCount "93"]
[EventDate "1997.??.??"]
[EventType "tourn"]
[EventRounds "11"]
[EventCountry "YUG"]
[EventCategory "8"]
[SourceTitle "EXT 2002"]
[Source "ChessBase"]
[SourceDate "2001.11.25"]
[SourceVersion "1"]
[SourceVersionDate "2001.11.25"]
[SourceQuality "1"]

1. d4 Nf6 2. c4 e6 3. Nc3 d5 4. Bg5 Be7 5. Nf3 0-0 6. Rc1 h6 7. Bh4 b6 8. cxd5 exd5 9. e3 Bb7 10. Be2 Nbd7 11. 0-0 c5 12. Qa4 a6 13. dxc5 bxc5 14. Rfd1 Qb6 15. Qb3 Qa7 16. Rd2 Rfd8 17. Rcd1 Rac8 18. Qc2 Qb6 19. Bg3 Bd6 20. Bxd6 Qxd6 21. Qb3 Rc7 22. Qa3 Qb6 23. Qa4 Rcc8 24. Qb3 Qc7 25. h3 Nb6 26. Na4 Nxa4 27. Qxa4 Qb6 28. Rc2 Rc7 29. Rdc1 Rdc8 30. Qf4 Re8 31. Qa4 Rec8 32. Ne5 c4 33. Qa3 Ne4 34. Bf3 Nc5 35. b3 Qe6 36. Qb2 Re8 37. bxc4 Na4 38. Qb4 Qxe5 39. Qxa4 dxc4 40. Bxb7 Rxb7 41. Qxc4 Reb8 42. Qe2 Rb2 43. Rxb2 Qxb2 44. Rc8+ Kh7 45. Qd3+ g6 46. Rxb8 Qxb8 47. Qxa6 1-0

[Event "Tivat"]
[Site "Tivat"]
[Date "1997.??.??"]
[Round "9"]
[White "Milovanovic, Rade"]
[Black "Zontakh, Andrey"]
[Result "0-1"]
[WhiteElo "2420"]
[BlackElo "2545"]
[PlyCount "86"]
[EventDate "1997.??.??"]
[EventType "tourn"]
[EventRounds "11"]
[EventCountry "YUG"]
[EventCategory "8"]
[SourceTitle "EXT 2002"]
[Source "ChessBase"]
[SourceDate "2001.11.25"]
[SourceVersion "1"]
[SourceVersionDate "2001.11.25"]
[SourceQuality "1"]

1. d4 Nf6 2. c4 Nc6 3. Nc3 e5 4. d5 Ne7 5. Nf3 Ng6 6. g3 Bb4 7. Qb3 Bxc3+ 8. Qxc3 d6 9. Bg2 Bg4 10. 0-0 h5 11. Qc2 h4 12. Ng5 Qe7 13. a3 a5 14. b3 Nf8 15. Rb1 N6h7 16. Ne4 f5 17. Nc3 Nf6 18. Nd1 Qf7 19. f3 Bh5 20. e4 hxg3 21. hxg3 fxe4 22. fxe4 Qg6 23. Ne3 N8d7 24. b4 axb4 25. axb4 Qh7 26. Kf2 Bg6 27. Rh1 Qxh1 28. Bxh1 Rxh1 29. Kg2 Bxe4+ 30. Qxe4 Nxe4 31. Kxh1 Ra2 32. g4 Ndf6 33. Rb2 Rxb2 34. Bxb2 Nf2+ 35. Kg2 N6xg4 36. Nf5 Nd3 37. Bc3 g6 38. Ng7+ Kf7 39. Ne6 Ne3+ 40. Kf3 Nxc4 41. Nxc7 Nf4 42. Ke4 Ke7 43. Nb5 Nh5 0-1

[Event "YUG Cup"]
[Site "Ulcinj"]
[Date "1997.??.??"]
[Round "?"]
[White "Peev, Peicho Chonev"]
[Black "Milovanovic, Rade"]
[Result "1-0"]
[WhiteElo "2335"]
[BlackElo "2420"]
[PlyCount "51"]
[EventDate "1997.??.??"]
[EventType "team"]
[EventRounds "7"]
[EventCountry "YUG"]
[SourceTitle "EXT 1999"]
[Source "ChessBase"]
[SourceDate "1998.11.16"]
[SourceVersion "1"]
[SourceVersionDate "1998.11.16"]
[SourceQuality "1"]

1. d4 Nf6 2. c4 e6 3. Nf3 d5 4. Nc3 c5 5. cxd5 Nxd5 6. e3 Nc6 7. Bd3 cxd4 8. exd4 Be7 9. 0-0 0-0 10. a3 Nf6 11. Be3 b6 12. Qe2 Bb7 13. Rfd1 a6 14. Ne5 b5 15. Rac1 Qd6 16. Bf4 Nxd4 17. Qe3 Qb6 18. Qh3 Rfd8 19. Be3 b4 20. Qh4 bxc3 21. Bxh7+ Kf8 22. Bxd4 Rxd4 23. Rxd4 cxb2 24. Rcd1 Qc7 25. Bb1 Bc5 26. Rd7 1-0